00873 a2200145 4500003000500000005001700005040000900022082001400031100001200045245008200057260002800139300001200167505053200179650001600711Nust20230306131816.0 cNust a303.6,LAY aLay J S aCitizenship :bEverday Social Problems for the Nation's Youth /cE.D .J.S Lay aLondonbMacmillanc1926 a280:p.; aThe Problem of Thinking and Doing (Page-10), The Problem of Health (Page-13), The Problem of Education,1 (Page-33), The Problem of Education (Page-50), The Problem of Leisure (Page-68), The Problem of Wealth (Page-89), The Problem of Wages (Page-101), The Problem of Capital (Page-109), The Problem of Chossing a Job (Page-131), The Problem of Spending (Page-150), The Problem of Liberty (Page-169), The Problem of Government (Page-196), The Problem of the League of Nations (Page-221), Some other of Noted Citizens (Page-257). aCitizenship